| 000 | 03471nam a22005775i 4500 | ||
|---|---|---|---|
| 001 | 978-3-319-52003-2 | ||
| 003 | DE-He213 | ||
| 005 | 20210118124614.0 | ||
| 007 | cr nn 008mamaa | ||
| 008 | 170222s2017 gw | s |||| 0|eng d | ||
| 020 |
_a9783319520032 _9978-3-319-52003-2 |
||
| 024 | 7 |
_a10.1007/978-3-319-52003-2 _2doi |
|
| 050 | 4 | _aQA76.9.M35 | |
| 072 | 7 |
_aUYA _2bicssc |
|
| 072 | 7 |
_aCOM018000 _2bisacsh |
|
| 072 | 7 |
_aUYA _2thema |
|
| 072 | 7 |
_aUYAM _2thema |
|
| 082 | 0 | 4 |
_a004.0151 _223 |
| 100 | 1 |
_aMureşan, Marian. _eauthor. _4aut _4http://id.loc.gov/vocabulary/relators/aut |
|
| 245 | 1 | 0 |
_aIntroduction to Mathematica® with Applications _h[electronic resource] / _cby Marian Mureşan. |
| 250 | _a1st ed. 2017. | ||
| 264 | 1 |
_aCham : _bSpringer International Publishing : _bImprint: Springer, _c2017. |
|
| 300 |
_aXIV, 265 p. 187 illus., 186 illus. in color. _bonline resource. |
||
| 336 |
_atext _btxt _2rdacontent |
||
| 337 |
_acomputer _bc _2rdamedia |
||
| 338 |
_aonline resource _bcr _2rdacarrier |
||
| 347 |
_atext file _bPDF _2rda |
||
| 505 | 0 | _aForeword -- Preface -- About Mathematica -- First Steps to Mathematica -- Basic Steps to Mathematica -- Sorting Algorithms -- Functions -- Ordinary Differential Equations -- Pi Formulas -- Optimization of Trajectories -- Miscellany -- References -- Index. | |
| 520 | _aStarting with an introduction to the numerous features of Mathematica®, this book continues with more complex material. It provides the reader with lots of examples and illustrations of how the benefits of Mathematica® can be used. Composed of eleven chapters, it includes the following: A chapter on several sorting algorithms Functions (planar and solid) with many interesting examples Ordinary differential equations Advantages of Mathematica® dealing with the Pi number The power of Mathematica® working with optimal control problems Introduction to Mathematica® with Applications will appeal to researchers, professors and students requiring a computational tool. . | ||
| 650 | 0 | _aComputer science—Mathematics. | |
| 650 | 0 | _aMathematical logic. | |
| 650 | 0 | _aComputer mathematics. | |
| 650 | 1 | 4 |
_aMathematics of Computing. _0http://scigraph.springernature.com/things/product-market-codes/I17001 |
| 650 | 2 | 4 |
_aMathematical Logic and Formal Languages. _0http://scigraph.springernature.com/things/product-market-codes/I16048 |
| 650 | 2 | 4 |
_aMathematical Applications in Computer Science. _0http://scigraph.springernature.com/things/product-market-codes/M13110 |
| 710 | 2 | _aSpringerLink (Online service) | |
| 773 | 0 | _tSpringer eBooks | |
| 776 | 0 | 8 |
_iPrinted edition: _z9783319520025 |
| 776 | 0 | 8 |
_iPrinted edition: _z9783319520049 |
| 776 | 0 | 8 |
_iPrinted edition: _z9783319847948 |
| 856 | 4 | 0 | _uhttps://doi.org/10.1007/978-3-319-52003-2 |
| 912 | _aZDB-2-SCS | ||
| 999 |
_c446616 _d446616 |
||
| 942 | _cEB | ||
| 506 | _aAvailable to subscribing member institutions only. Доступно лише організаціям членам підписки. | ||
| 506 | _fOnline access from local network of NaUOA. | ||
| 506 | _fOnline access with authorization at https://link.springer.com/ | ||
| 506 | _fОнлайн-доступ з локальної мережі НаУОА. | ||
| 506 | _fОнлайн доступ з авторизацією на https://link.springer.com/ | ||